000 00489nmm a2200169Ia 4500
008 251105s9999||||xx |||||||||||||||||und||
020 _a9789871727537
041 _aspa
100 _aÁvalos Blacha, Leandro
245 0 _aMedianera
264 _a[Buenos Aires, Argentina] :
_bEduvim,
_c2011
300 _a92 páginas
490 _aTemporal. Narrativas del Bicentenario
650 _aLatin American narrative
856 _uhttps://public.digitaliapublishing.com/a/14482
942 _cCF
999 _c97293
_d97293